Technology and industrial development in pre-war Japan : (Record no. 58561)
[ view plain ]
| 000 -LEADER | |
|---|---|
| fixed length control field | 01213nam a2200301 a 4500 |
| 001 - CONTROL NUMBER | |
| control field | 58561 |
| 003 - CONTROL NUMBER IDENTIFIER | |
| rucl marc code | BD-RjUL |
| 005 - DATE AND TIME OF LATEST TRANSACTION | |
| control field | 20211209080633.0 |
| 008 - FIXED-LENGTH DATA ELEMENTS--GENERAL INFORMATION | |
| fixed length control field | 911129s1992 enk b 001 0 eng |
| 020 ## - INTERNATIONAL STANDARD BOOK NUMBER | |
| International Standard Book Number | 0415065526 |
| 035 ## - SYSTEM CONTROL NUMBER | |
| System control number | (BD-RjUL)58685 |
| 040 ## - CATALOGING SOURCE | |
| Original cataloging agency | DLC |
| Transcribing agency | DLC |
| Modifying agency | DLC |
| Language of cataloging | eng |
| 041 ## - LANGUAGE CODE | |
| Language code of text/sound track or separate title | eng |
| 082 00 - DEWEY DECIMAL CLASSIFICATION NUMBER | |
| Classification number | 338.4762383 |
| Edition number | 23 |
| Author mark and year | FUT 1992 |
| 100 1# - MAIN ENTRY--PERSONAL NAME | |
| Personal name | Fukasaku, Yukiko, |
| Dates associated with a name | 1950- |
| 9 (RLIN) | 173999 |
| 245 10 - TITLE STATEMENT | |
| Title | Technology and industrial development in pre-war Japan : |
| Remainder of title | Mitsubishi Nagasaki Shipyard, 1884-1934 / |
| Statement of responsibility, etc. | Yukiko Fukasaku. |
| 260 ## - PUBLICATION, DISTRIBUTION, ETC. (IMPRINT) | |
| Place of publication, distribution, etc. | London ; |
| -- | New York : |
| Name of publisher, distributor, etc. | Routledge, |
| Date of publication, distribution, etc. | 1992. |
| 300 ## - PHYSICAL DESCRIPTION | |
| Pagination | xviii, 189 p. ; |
| Size | 23 cm. |
| 504 ## - BIBLIOGRAPHY, ETC. NOTE | |
| Bibliography, etc | Includes bibliographical references (p. 177-184) and index. |
| 610 20 - SUBJECT ADDED ENTRY--CORPORATE NAME | |
| Corporate name or jurisdiction name as entry element | Mitsubishi Zōsen Kabushiki Kaisha. |
| Subordinate unit | Nagasaki Zōsenjo |
| 650 #0 - SUBJECT ADDED ENTRY--TOPICAL TERM | |
| Topical term or geographic name as entry element | Shipbuilding industry |
| Geographic subdivision | Japan |
| -- | Nagasaki-shi |
| General subdivision | History |
| Chronological subdivision | 20th century. |
| 9 (RLIN) | 174002 |
| Topical term or geographic name as entry element | Industries |
| Geographic subdivision | Japan |
| General subdivision | History |
| Chronological subdivision | 20th century. |
| 9 (RLIN) | 174003 |
| Topical term or geographic name as entry element | Technology transfer |
| Geographic subdivision | Japan |
| General subdivision | History |
| Chronological subdivision | 20th century. |
| 9 (RLIN) | 174004 |
| 830 ## - SERIES ADDED ENTRY--UNIFORM TITLE | |
| Uniform title | The Nissan Institute/Routledge Japanese studies series |
| 942 ## - ADDED ENTRY ELEMENTS (KOHA) | |
| Source of classification or shelving scheme | Dewey Decimal Classification |
| Koha item type | Books |
| Lost status | Source of classification or shelving scheme | Damaged status | Not for loan | Collection code | Permanent Location | Current Location | Shelving location | Date acquired | Total Checkouts | Full call number | Date last seen | Copy number | Koha item type |
|---|---|---|---|---|---|---|---|---|---|---|---|---|---|
| Dewey Decimal Classification | Not For Loan | Non-fiction | Central Library, University of Rajshahi | Central Library, University of Rajshahi | Reading Room | 02/06/1996 | 338.4762383 FUT 1992 | 19/12/2016 | C-1 | Books |